000
00498nam a2200145Ia 4500
008
151213s9999 xx 000 0 und d
100
_a
ড. মিজানুর রহমান।
245
_a
তুলনামূলক আইন।
_c
ড. মিজানুর রহমান।
260
_a
ঢাকা
_b
বাংলা একাডেমী।
_c
1990
300
_a
3290 p.
650
_a
Law
650
_a
Law
700
_a
ড. মিজানুর রহমান।
999
_c
2247
_d
2247